00516nam a2200157 450000500170000001000150001702000260003203500140005803700130007208200100008510000290009524500870012426000350021127000920024630000200033820191108113504.0 aENG-126865 a9789352668410c300.00 aEN-110397 bDBAD/PUB a158.1 aAtkinson, William Walker aThe law of attraction and practical mental influence /cby William Walker Atkinson aDelhibPrabhat Prakashanc2018 a4/19, Asaf Ali Road, New DelhibNew Delhie110002k011-23289777mprabhatbooks@gmail.com a151p.c22cm(Hb)